| 000 | 00382 a2200133 4500 | ||
|---|---|---|---|
| 000 | nam a22 7a 4500 | ||
| 100 | _a Kamal Kumar Jha, Mithilesh Nayan Choubey | ||
| 110 | _a Kamal Kumar Jha, Mithilesh Nayan Choubey | ||
| 245 | _aIndian Politics and Political Processes | ||
| 250 | _alatest edition | ||
| 260 |
_bRoutledge _c2026 |
||
| 264 |
_bRoutledge _c2026 |
||
| 942 | _cBK | ||
| 999 |
_c395191 _d395191 |
||